| 000 | 03190cam a22004094a 4500 | ||
|---|---|---|---|
| 001 | 7522997 | ||
| 003 | ARRUPE | ||
| 005 | 20141002142423.0 | ||
| 008 | 090629s2009 ilu b 001 0 eng | ||
| 010 | _a 2009026586 | ||
| 020 | _a9780830838684 (pbk. : alk. paper) | ||
| 020 | _a0830838686 (pbk. : alk. paper) | ||
| 024 | _a99935718243 | ||
| 035 | _a(OCoLC)421949536 | ||
| 035 | _a(OCoLC)ocn421949536 | ||
| 035 | _a(NNC)7522997 | ||
| 040 |
_aDLC _cDLC _dBTCTA _dC#P _dCFT _dOrLoB-B |
||
| 050 | 0 | 0 |
_aBT303.2 _b.B365 2009 |
| 082 | 0 | 0 |
_a232.9/08 _222 |
| 245 | 0 | 4 |
_aThe historical Jesus : _bfive views / _cedited by James K. Beilby and Paul Rhodes Eddy. |
| 260 |
_aDowners Grove, Ill. : _bIVP Academic, _cc2009. |
||
| 300 |
_a312 p. ; _c23 cm. |
||
| 504 | _aIncludes bibliographical references and indexes. | ||
| 505 | 0 | 0 |
_tThe Quest for the Historical Jesus: An Introduction / _rPaul Rhodes Eddy and James K. Beilby -- _g1. _tJesus at the Vanishing Point / _rRobert M. Price -- _tResponses / _rJohn Dominic Crossan, Luke Timothy Johnson, James D. G. Dunn and Darrell L. Bock -- _g2. _tJesus and the Challenge of Collaborative Eschatology / _rJohn Dominic Crossan -- _tResponses / _rRobert M. Price, Luke Timothy Johnson, James D. G. Dunn and Darrell L. Bock -- _g3. _tLearning the Human Jesus Historical Criticism and Literary Criticism / _rLuke Timothy Johnson -- _tResponses / _rRobert M. Price, John Dominic Crossan, James D. G. Dunn and Darrell L. Bock -- _g4. _tRemembering Jesus -- _tHow the Quest of the Historical Jesus Lost Its Way / _rJames D. G. Dunn -- _tResponses / _rRobert M. Price, John Dominic Crossan, Luke Timothy Johnson and Darrell L. Bock -- _g5. _tThe Historical Jesus -- _tAn Evangelical View / _rDarrell L. Bock -- _tResponses / _rRobert M. Price, John Dominic Crossan, Luke Timothy Johnson and James D. G. Dunn. |
| 520 | 1 | _a"The Historical Jesus: Five Views, provides a venue for readers to sit in on a virtual seminar on the historical Jesus. Beginning with a scene-setting historical introduction by the editors, prominent figures in the Jesus quest set forth their views and respond to their fellow scholars." "On the one end Robert M. Price lucidly maintains that the probability of Jesus' existence has reached the "vanishing point," and on the other Darrell Bock ably argues that while critical method yields only a "gist" of Jesus, it takes us in the direction of the Gospel portraits. In between there are numerous avenues to explore, questions to be asked and "assured results" to be weighed. And John Dominic Crossan, Luke Timothy Johnson and James D. G. Dunn probe these issues with formidable knowledge and honed insight, filling out a further range of options."--BOOK JACKET. | |
| 600 | 0 | 0 |
_aJesus Christ _xHistoricity _xHistory of doctrines _y21st century. _911951 |
| 700 | 1 |
_aBeilby, James K. _911952 |
|
| 700 | 1 |
_aEddy, Paul R. _911953 |
|
| 700 | 1 |
_aPrice, Robert M., _d1954- _911954 |
|
| 700 | 1 |
_aCrossan, John Dominic. _94496 |
|
| 700 | 1 |
_aJohnson, Luke Timothy. _94200 |
|
| 700 | 1 |
_aDunn, James D. G., _d1939- _93332 |
|
| 700 | 1 |
_aBock, Darrell L. _911955 |
|
| 900 | _bTOC | ||
| 942 |
_2lcc _cMONOGRAPH |
||
| 948 | 1 |
_a20100113 _bc _cas2107 _dMPS |
|
| 999 |
_c121041 _d121041 |
||